La accin̤ rescisoria concursal

Detalles Bibliográficos
Autor principal: Huelmo Regueiro, Josefina
Formato: eBook
Lenguaje:español
Publicado: Barcelona: J.M. Bosch Editor, 2016
Materias:
Acceso en línea:Acceso restringido

MARC

LEADER 00000nam a22000007a 4500
005 20190411120826.0
007 cr|||| |||
008 190411s2016 es |||||s|||| 00||0 spa d
020 |a 978-84-945146-6-1 
035 |a 23141 
040 |a vLex 
090 |c 8597  |d 8597 
100 1 |a Huelmo Regueiro, Josefina 
245 1 2 |a La accin̤ rescisoria concursal  |h [Recurso electrn̤ico] /  |c Josefina Huelmo Regueiro 
256 |a Servicio en ln̕ea 
260 |a Barcelona:  |b J.M. Bosch Editor,  |c 2016 
300 |a 1 recurso electrn̤ico 
506 1 |a Disponible solo en los productos indicados  |d vLex Global  |d vLex Global (Academic Edition, excluding Law Schools)  |d vLex Global (U.S. Academic Edition, Law Schools)  |d vLex Global (U.S. Academic Edition, excluding Law Schools)  |d vLex Global (Academic Edition, Law Schools) 
650 0 4 |a Cd̤igo Civil  |z Espaą 
740 0 |a vLex Libros (Servicio en ln̕ea) 
856 4 0 |u http://vlex.com/source/accion-rescisoria-concursal-23141  |z Acceso restringido 
942 |c BOOK 
999 0 |a Civil Code